000 00899nam a2200301Ia 4500
001 Para_6383
003 CHAP
008 220125s1982 xx 000 0 und d
010 _a205121
040 _cCHAP
082 _aPA 595.76 H35
100 _aHalffter, Gonzalo
_952286
245 _aThe nesting behavior of Dong beetles (scarabaeinae) anecological and evolutive aprroach /
_c by Gonzalo Halffter, W. D. Edmonds
260 _aMéxico :
_b Instituto de Ecología
300 _a176 p.
650 _aColeopteros
_925123
650 _aEscarabajos
_937465
650 _aInsectos
_x evolución
_958920
650 _aInsectos
_x habitos y conducta
_958927
700 _aEdmonds, W. D.
_935389
901 _aPA 595.76 H35
902 _aA
905 _a0000001982 a 0000000000 00
910 _a1982
942 _cPARA
942 _cPARA
_d1
999 _c205121
_d205121